|
|
|
|
| LEADER |
00000nam0a2200000 4500 |
| 001 |
110044 |
| 005 |
20231101214917.0 |
| 010 |
|
|
|a 5947351013
|
| 035 |
|
|
|a (RuTPU)RU\TPU\book\118844
|
| 090 |
|
|
|a 110044
|
| 100 |
|
|
|a 20070219d2006 k y0rusy50 ca
|
| 101 |
0 |
|
|a rus
|
| 102 |
|
|
|a RU
|
| 105 |
|
|
|a a z 001zy
|
| 200 |
1 |
|
|a Фондовые индексы: оценка качества
|f А. И. Бельзецкий
|
| 210 |
|
|
|a Москва
|c Новое знание
|d 2006
|
| 215 |
|
|
|a 310 с.
|c ил.
|
| 320 |
|
|
|a Библиогр.: с. 304-306.
|
| 330 |
|
|
|a Рассмотрены вопросы теории и практики оценки качества фондовых индексов. Предлагаемые количественные методы оценки точности, адекватности и надежности фондовых индексов позволяют проанализировать влияние основных факторов на качество фондовых индексов, а также получить представление об их достоверности и работоспособности. Использование качественных фондовых индексов поможет увеличить прибыль и снизить риски инвестиционных и торговых решений. Приведена оценка показателей качества наиболее популярных фондовых индексов России и США. Книга рассчитана на инвесторов, работников фондовых бирж, отделов ценных бумаг банков и акционерных обществ, экономистов, научных работников, аспирантов и студентов, лиц, интересующихся рынком ценных бумаг.
|
| 606 |
1 |
|
|a Фондовые биржи
|2 stltpush
|3 (RuTPU)RU\TPU\subj\37243
|9 58340
|
| 610 |
1 |
|
|a экономика
|
| 610 |
1 |
|
|a финансы
|
| 610 |
1 |
|
|a фондовые биржи
|
| 610 |
1 |
|
|a фондовые индексы
|
| 610 |
1 |
|
|a фондовые рынки
|
| 610 |
1 |
|
|a качество
|
| 610 |
1 |
|
|a оценка
|
| 610 |
1 |
|
|a погрешности
|
| 610 |
1 |
|
|a адекватность
|
| 610 |
1 |
|
|a надежность
|
| 610 |
1 |
|
|a эталонные индексы
|
| 610 |
1 |
|
|a США
|
| 610 |
1 |
|
|a доходность
|
| 610 |
1 |
|
|a показатели
|
| 610 |
1 |
|
|a анализ
|
| 686 |
|
|
|a У9(2)262.293
|v LBC/SL-A
|2 rubbk
|
| 700 |
|
1 |
|a Бельзецкий
|b А. И.
|g Анатолий Иосифович
|
| 801 |
|
1 |
|a RU
|b 63413507
|c 20070219
|g PSBO
|
| 801 |
|
2 |
|a RU
|b 63413507
|c 20230620
|g PSBO
|
| 942 |
|
|
|c BK
|
| 959 |
|
|
|a 86/20071204
|d 1
|e 0
|f АНЛ:1
|